[Event "RSA-chT U10"]
[Site "Cape Town"]
[Date "2016.01.06"]
[Round "5.8"]
[White "Wessels, Mieke"]
[Black "Van der Merwe, Marnus"]
[Result "0-1"]
[WhiteElo "626"]
[BlackElo "686"]
[PlyCount "44"]
[EventDate "2016.01.04"]
[EventType "team-tourn"]
[EventRounds "7"]
[EventCountry "RSA"]
[SourceTitle "CBM 170 Extra"]
[Source "ChessBase"]
[SourceDate "2016.02.25"]
[SourceVersion "1"]
[SourceVersionDate "2016.02.25"]
[SourceQuality "1"]
[WhiteTeam "Ekurhuleni"]
[BlackTeam "Kenneth Kaunda"]
[WhiteTeamCountry "RSA"]
[BlackTeamCountry "RSA"]

1. e4 e5 2. Nf3 Nc6 3. Nc3 Nf6 4. Bc4 Bc5 5. d3 d6 6. h3 a6 7. Bg5 h6 8. Bh4 g5 9. Bg3 Ke7 10. 0-0 Na5 11. b4 Bxb4 12. Ne2 Be6 13. a3 Bc5 14. Qd2 c6 15. d4 Bxc4 16. dxc5 Nxe4 17. Qc1 Nxc5 18. h4 e4 19. Nd2 Bd5 20. Nc3 gxh4 21. Bf4 e3 22. Bxe3 Qc8 0-1

[Event "RSA-chT U10"]
[Site "Cape Town"]
[Date "2016.01.05"]
[Round "4.8"]
[White "Gebreselassie, Loyd"]
[Black "Wessels, Mieke"]
[Result "1-0"]
[WhiteElo "810"]
[BlackElo "626"]
[PlyCount "59"]
[EventDate "2016.01.04"]
[EventType "team-tourn"]
[EventRounds "7"]
[EventCountry "RSA"]
[SourceTitle "CBM 170 Extra"]
[Source "ChessBase"]
[SourceDate "2016.02.25"]
[SourceVersion "1"]
[SourceVersionDate "2016.02.25"]
[SourceQuality "1"]
[WhiteTeam "Nelson Mandela Bay"]
[BlackTeam "Ekurhuleni"]
[WhiteTeamCountry "RSA"]
[BlackTeamCountry "RSA"]

1. e4 e5 2. Nf3 Nc6 3. Bc4 Nf6 4. Nc3 Bc5 5. Ng5 d5 6. exd5 Ne7 7. d6 Qxd6 8. Nxf7 Qd4 9. Qe2 Rf8 10. Nxe5 a6 11. 0-0 b5 12. Bf7+ Kd8 13. d3 Bg4 14. Nxg4 Nxg4 15. Be3 Qe5 16. g3 Rxf7 17. Bxc5 Qxc5 18. Qxg4 Rf6 19. Ne4 Qe5 20. Nxf6 Qxf6 21. Qe4 c6 22. c3 c5 23. Qxa8+ Kd7 24. Qb7+ Ke8 25. Rae1 c4 26. dxc4 bxc4 27. Re2 g5 28. Rfe1 h5 29. Rxe7+ Kf8 30. Qc8# 1-0